000 00689nam a22002055i 4500
001 BNC01000000000000001254074
003 CL-SaCFP
005 20260227091907.0
008 260108s 000 0 spa
015 _acl-2025-xxxx
_2bcl
040 _aclsabn
_bspa
_cclsabn
_erda
099 _asec/20260108
100 1 _aWernicke, Luciano
245 1 0 _aHistorias insólitas del fútbol :
_bcuriosidades y casos increíbles del futbol mundial /
_cLuciano Wernicke.
250 _aPrimera edición chilena : julio 2025.
264 1 _a[Chile] :
_bTejero Ediciones,
_c2025.
264 3 _aSantiago, Chile :
_ba Impresores,
_c2025.
300 _a268 páginas ;
_c21 cm.
942 _2ddc
_cLIBRO
999 _c16339
_d16339